| 000 | 01382nam a22002297a 4500 | ||
|---|---|---|---|
| 999 |
_c34801 _d34801 |
||
| 003 | OSt | ||
| 005 | 20240322191250.0 | ||
| 008 | 240322b ||||| |||| 00| 0 eng d | ||
| 020 | _a978-950-23-2013-7 | ||
| 040 | _cBCRI | ||
| 082 | _a658.3 | ||
| 245 |
_aLa gestión moderna en recursos humanos _ccoordinadores Juan Carlos Ayala y Luis Pérez van Morlegan |
||
| 250 | _a1a ed. 3a reimp. | ||
| 260 |
_aBuenos Aires, Argentina _bEudeba _c2019 |
||
| 300 |
_a476 p. _bil. _c24 cm. |
||
| 500 | _aIncluye referencias bibliográficas al final de cada capítulo | ||
| 505 | _aI. El sistema y la estructura de RRHH -- II. Conflicto y negociación -- III. La negociación colectiva en el Derecho Colectivo de Trabajo -- IV. Las relaciones laborales -- V. Derecho laboral aplicado -- VI. Seguridad e higiene en el trabajo -- VII. Inventario de recursos humanos y precarización laboral -- VIII. Remuneraciones. Compensación total -- IX. Diseño, análisis y evaluación de puesto -- X. Liquidación de sueldo y jornales -- XI. El proceso de selección de personal --XII. Capacitación -- XIII. Desarrollo de carreras -- XIV. Evaluación de desempeño y evaluación de potencial -- XV. Estrés, burn out y mobbing. | ||
| 650 | 0 |
_95702 _aGestión de recursos humanos |
|
| 700 |
_948291 _aAyala, Juan Carlos |
||
| 700 |
_948292 _aPérez van Morlegan, Luis |
||
| 942 |
_2ddc _cBK _hprozim |
||